| 000 | 00543nam a2200217Ia 4500 | ||
|---|---|---|---|
| 003 | OSt | ||
| 005 | 20230502110022.0 | ||
| 008 | 210423s2002 xx 000 0 und d | ||
| 020 | _a8176492159 | ||
| 040 | _cAL | ||
| 041 | _aeng | ||
| 082 | _a574.88 TURP | ||
| 100 |
_aTURNER (P C);others. _995814 |
||
| 245 | _aMolecular biology. | ||
| 260 |
_aNew Delhi _bViva Books Pvt Ltd _c2002 |
||
| 300 |
_ax,346 _bPB |
||
| 365 |
_b195 _cINR |
||
| 650 |
_aMolecular Biology _995815 |
||
| 906 | _abiology ; biology. ; molecular | ||
| 942 |
_2ddc _cBK |
||
| 999 |
_c162951 _d162951 |
||